| 000 | 00652nam a2200133Ia 4500 | ||
|---|---|---|---|
| 008 | 171212s9999 xx 000 0 und d | ||
| 020 | _a9780987073044 | ||
| 100 | _aMosler, Sharon | ||
| 245 |
_cMosler, Sharon _aHeritage Politics in Adelaide |
||
| 260 |
_bUniversity of Adelaide Press _c2011 |
||
| 650 | _aBannon, John, 1943-; City planning -- South Australia -- Adelaide; Historic buildings -- Conservation and restoration -- South Australia -- Government policy; Cultural property, Protection of -- South Australia; Adelaide (S. Aust.) -- Buildings, structure | ||
| 650 | _aPolitical Science | ||
| 856 | _uhttp://jstor.org/stable/10.20851/j.ctt1t30522 | ||
| 999 |
_c352925 _d352925 |
||